00514 2200217 4500001002100000005001700021035002400038040001200062082000800074084001400082100002300096245005000119260001800169300003100187650001800218850001200236990001200248990001200260990001200272990001200284YOGYA00000000003763020161229111223.0 0010-081400000037348 aYOPDYOG a813 a813 Nas T aNasirudin, Mohamad aTiga Bersaudara, cet. 2 /cNasirudin, Mohamad bAnalisac1999 aix, 84 hlm.bilus.c20 cm. aCerita pendek aYOPDYOG a1525-PK a1526-PK a1530-PK a1529-PK